[Event "WchT 4th"]
[Site "Luzern"]
[Date "1997.11.01"]
[Round "8.4"]
[White "Rublevsky, Sergei"]
[Black "Christiansen, Larry Mark"]
[Result "1-0"]
[WhiteElo "2650"]
[BlackElo "2550"]
[Annotator "Finkel,A"]
[PlyCount "121"]
[EventDate "1997.10.25"]
[EventType "team-tourn"]
[EventRounds "9"]
[EventCountry "SUI"]
[SourceTitle "CBM 062"]
[Source "ChessBase"]
[SourceDate "1998.01.31"]
[SourceVersion "1"]
[SourceVersionDate "1998.01.31"]
[SourceQuality "1"]
[WhiteTeam "Russia"]
[BlackTeam "US of America"]
[WhiteTeamCountry "RUS"]
[BlackTeamCountry "USA"]

1. e4 e6 2. d4 d5 3. Nd2 dxe4 4. Nxe4 Nd7 5. Nf3 Ngf6 6. Bd3 c5 7. O-O Nxe4 8.
Bxe4 cxd4 (8... Be7 $5 9. Qe2 (9. c4 $5 O-O 10. Re1 Nf6 11. Bc2 cxd4 12. Bg5 h6
13. Bh4 d3 $5 (13... Bc5 14. Qd3 Re8 15. Rad1 $14) 14. Bxd3 Nh5 15. Bxe7 Qxe7
16. Ne5 $14 {Zapata Alonso-Hoffman Alejandro/It (open), Buenos Aires 
(Argentina) 1996 (38)}) 9... Qb6 (9... Nf6 $6 10. dxc5 $1 Nxe4 $6 (10... Bxc5
11. Bg5 O-O 12. Rad1 Qb6 13. Bxf6 gxf6 14. c3 $14) 11. Qxe4 Bxc5 12. Qe5 $1 $36
Bf8 13. Re1 Qd6 14. Qb5+ Qd7 15. Qh5 Qc7 16. Nd4 $16 {Tseshkovsky
Vitaly-Doroshkievich Vladimir K/Tournament, Novorossijsk (Russia) 1995 (38)})
10. Rd1 O-O 11. c3 Rd8 12. Bc2 Nf8 13. Be3 $14 {Ebeling,M-Kujala,A/FIN-chT
1989 (31)}) (8... Nf6 9. Bg5 h6 (9... cxd4 10. Qe2 Be7 11. Rad1 Nxe4 (11... Qb6
12. Rxd4 Qxb2 13. Rfd1 O-O 14. Ne5 $44 Bc5 $2 15. Bxf6 Bxd4 16. Qh5 h6 17. Qg4
$18) 12. Rxd4 $1 Qxd4 $6 (12... Qc7 $6 13. Bxe7 Qxe7 14. Qxe4 O-O 15. Rfd1 $14)
(12... Bd7 $142 $5 13. Bxe7 Qxe7 14. Qxe4 Bc6 $11) 13. Nxd4 Nxg5 14. f4 Nh3+
15. gxh3 O-O 16. Qe4 $14 {Morozevich-Zakharevich,Russia,1997,1-0}) 10. Bxf6
Qxf6 11. c3 $5 (11. Qd3 $5 $14) 11... Bd6 12. Qa4+ Bd7 (12... Ke7 $5) 13. Qa3
Qe7 14. dxc5 Bxc5 15. b4 Bb6 16. Bxb7 $16 {Honfi,K-Dolgener,T/Budapest FS09
IM-B 1995/1-0 (50)}) 9. Nxd4 Nf6 10. Bg5 Bc5 (10... Be7 $5 11. Bd3 O-O 12. c3
Qd5 $1 13. Nf3 Rd8 14. Bc2 Qxd1 15. Raxd1 Bd7 $11 {Pandavos,P-Ellison,D/
Balatonbereny op 1992/1-0 (48)}) 11. c3 (11. Nb3 $1 Bd6 12. Bxf6 gxf6 13. Qh5
f5 14. Bxf5 $2 (14. Bf3 $1 Qc7 15. Rad1 Be5 16. c3 Bd7 17. Rfe1 $16) 14... exf5
15. Rfe1+ Be7 16. Re3 f4 17. Re4 O-O $17 {Morozevich,A-Zakharevich,I/RUS-Cup9
1997 (40)}) 11... h6 $5 12. Bxf6 $5 {Starting the forced play leading to equal
endgame.} Qxf6 13. Qa4+ Bd7 14. Qc4 Bxd4 15. cxd4 Rc8 16. Qb4 b6 (16... Bc6 17.
Bxc6+ bxc6 18. Qb7 O-O 19. Qxa7 $16) 17. d5 $5 {Trying to take advantage of
the fact that black king is in the center.} Qe7 $8 18. d6 Qg5 19. Qa3 a5 20.
Bb7 Rc4 $1 (20... Rc5 21. b4 axb4 22. Qxb4 Rb5 23. Qd4 (23. Qa4 $5 O-O (23...
Ra5 24. Qd4 Rc5 25. Rab1 $16) 24. Rac1 Rd8 25. Rc7 Ra5 26. Qb4 Rxa2 27. Qxb6
Rd2 $13) 23... O-O 24. Rac1 $14 {[%cal Gc1c7]}) 21. Qb3 Qc5 22. Ba6 Rb4 $6 {
Missing very promising opportunity} (22... Rd4 $1 23. Qg3 O-O 24. Rad1 Rd8 25.
Qe3 Rxd1 26. Rxd1 Qxe3 27. fxe3 Bc6 $15) 23. Qc3 $14 O-O 24. Rfd1 Ra8 25. Bf1
Rc8 26. Qd2 Qe5 27. b3 Rf4 28. Rac1 Rxc1 29. Qxc1 $16 {[%csl Rf4] Passed pawn
on d6 and awkward position of black rook on f4 make white's position nearly
wining.} g5 30. g3 Rf5 31. Qc7 Qc5 32. Rd2 Qb4 33. Rc2 $6 {Complicating the
matters,while after} (33. Re2 $1 Qb5 34. Rc2 $18 {black can resign.}) 33... Qe4
$1 34. h3 (34. Rc1 Qd4 35. Qxd7 Rxf2 36. Qd8+ Kg7 37. Rc4 Qe3 38. Re4 Rxf1+ 39.
Kxf1 Qxe4 $11) 34... Rd5 35. Rc1 Rd2 36. Qxb6 (36. Qxd7 $2 Qd4) 36... Qd4 $1
37. Qxd4 Rxd4 38. Rc5 a4 39. bxa4 Bxa4 40. Ra5 Kg7 $2 {This natural move
turnes uot to be desicive mistake after which the endgame is hopeless.After
correct} (40... Bc6 41. Ra6 Rxd6 42. a4 (42. Kh2 Rd1 43. Rxc6 Rxf1 44. Kg2 Rd1
45. Rc2 Rd3 $11) 42... Kf8 43. a5 Ke7 44. Rb6 Bd5 45. Rxd6 Kxd6 46. f4 gxf4 47.
gxf4 Kc5 $14 {the draw was not far away.}) 41. Ra6 Bd1 42. f3 $1 Bxf3 43. Bb5
g4 44. h4 Be4 $6 {The last chance was} (44... f5 $5 45. d7 f4 46. gxf4 g3 47.
Ra3 Rd1+ 48. Bf1 g2 49. Rxf3 gxf1=Q+ 50. Rxf1 Rxd7 51. a4 Rd4 52. Ra1 Rxf4 53.
a5 Rf7 54. a6 Ra7 55. Kf2 Kf6 56. Ra5 e5 57. Kf3 Kf5 58. h5 $16 {with some
chances to hold this ending,because now white is wright on time!}) 45. d7 e5
46. a4 Bf5 47. Ra7 Kf6 48. a5 Ke7 49. a6 Bd3 50. Bxd3 Rxd3 51. Rb7 $1 $18 Rxg3+
52. Kf2 Rf3+ 53. Kg2 f5 54. a7 Ra3 55. d8=Q+ Kxd8 56. Rb8+ Ke7 57. a8=Q Rxa8
58. Rxa8 f4 59. Rg8 g3 60. Kf3 Kf7 61. Rg4 $1 1-0

[Event "UKR-ch 73rd"]
[Site "Kharkov"]
[Date "2004.09.02"]
[Round "5.2"]
[White "Volokitin, Andrei"]
[Black "Korobov, Anton"]
[Result "1-0"]
[WhiteElo "2638"]
[BlackElo "2565"]
[Annotator "Finkel,A"]
[PlyCount "111"]
[EventDate "2004.08.03"]
[EventType "k.o."]
[EventRounds "5"]
[EventCountry "UKR"]
[SourceTitle "CBM 103"]
[Source "ChessBase"]
[SourceDate "2004.11.11"]
[SourceVersion "1"]
[SourceVersionDate "2004.11.11"]
[SourceQuality "1"]

1. e4 {[%mdl 2]} e6 2. d4 d5 3. Nc3 Nf6 4. Bg5 dxe4 5. Nxe4 Nbd7 6. Nf3 h6 7.
Nxf6+ Nxf6 8. Bh4 c5 9. Ne5 {This move is obviously insufficient to get any
opening advantage, so you shouldn't be distracted by the outcome of the game:
white win had nothing to do with the opening!} Qa5+ (9... a6 10. c3 Qd5 11.
Bxf6 gxf6 12. Ng4 Qg5 13. h4 Qf4 14. Be2 Be7 15. g3 Qd6 16. O-O Bd7 17. Bf3 {
1/2-1/2 Zhang Zhong-Zvjaginsev,V/Moscow 2004}) 10. c3 cxd4 11. Qxd4 Bc5 12. Qf4
$5 {An attempt to improve Karjiakin's play, but black is on guard.} (12. Nc4
Bxd4 13. Nxa5 Bb6 14. Nc4 Bc7 15. Bg3 Bxg3 16. hxg3 Ke7 17. Be2 Bd7 18. Bf3
Rac8 19. Ne5 Rc7 $11 {Karjakin,S-Milov,V/Dos Hermanas 2004}) 12... Bd6 13. Bg3
O-O 14. Be2 Nd7 $5 {Very simple and strong. Black is forcing white to trade
the queens and transpose into an equal endgame. By the way I see nothing wrong
in 14...Rd8 either, if black prefers to keep the queens for whatever reason.} (
14... Bxe5 15. Qxe5 Qxe5 16. Bxe5 Bd7 17. Bf3 Bc6 18. Bxc6 bxc6 19. Bxf6 gxf6
20. O-O-O $14 {Zontakh,A-Kutuzov,D/Sochi 2004}) (14... Rd8) 15. Nc4 Bxf4 16.
Nxa5 Bxg3 17. hxg3 Nc5 18. O-O-O ({Another attempt to get an advantage is also
doomed to failure} 18. Rh5 $5 b6 (18... Ne4 19. Rd1 (19. Bf3 $6 Ng5 20. Bxb7
Bxb7 21. Nxb7 Rab8 $15)) 19. Bf3 Nd3+ (19... Rb8 20. O-O-O $14 g6 $140 $6 21.
Nc6 $16) 20. Kd2 Ba6 21. Bxa8 Rxa8 22. Nc6 Nxf2 $13 {and black has more than
sufficient counterchances.}) 18... b6 $1 19. Bf3 Ba6 $1 $11 {Nive tactical
idea based on the temporary exchange sacrifice.} 20. Bxa8 Rxa8 21. Nc6 Nd3+ {
[%cal Gd3f2]} 22. Rxd3 Bxd3 23. f3 $5 {[%csl Ge4]} Bb5 24. Nd4 Bd7 {The
position is completely equal, so black could as well win this game as he
managed to lose it.} 25. g4 e5 (25... f6 26. Kc2 Kf7 27. Rd1 g6 $11) 26. Nf5
Be6 27. b3 Rd8 28. c4 f6 29. Ng3 Kf7 30. Ne4 f5 (30... Ke7 {[%cal Gg7g6,Gd8h8,
Gh6h5]}) 31. gxf5 Bxf5 32. Re1 g5 $6 (32... Bxe4 33. Rxe4 Kf6 34. Kc2 h5 35.
Kc3 g5 $11) 33. Nc3 Ke6 (33... Re8) 34. Rh1 Rh8 35. g4 Bg6 36. Kd2 h5 $2 (36...
Rh7 $14) 37. gxh5 Rxh5 38. Rxh5 Bxh5 39. Ne4 {[%csl Rg5]} Bg6 40. Ke3 $1 (40.
Nxg5+ $6 Kf5 41. Nh3 e4 42. fxe4+ Kxe4 $14) 40... Kd7 (40... Kf5 41. b4 Bh7 42.
a4 Bg8 43. b5 Be6 44. c5 bxc5 45. Nxc5 Bc4 46. Ne4 $16) 41. Nxg5 Kc6 42. Ne4 b5
43. cxb5+ Kxb5 44. a3 Bh5 45. Nc3+ Kc5 46. Ne4+ Kb5 47. Ng5 Bg6 48. Kd2 a5 49.
Kc3 Bh5 50. Kd3 Bg6+ 51. Ne4 Bh5 52. Nd2 Bg6+ 53. Kc3 Bh5 54. a4+ Kc5 55. Nc4
Bxf3 56. Nxe5 1-0

[Event "Hoogovens"]
[Site "Merrillville"]
[Date "1997.11.28"]
[Round "2"]
[White "Yermolinsky, Alex"]
[Black "Seirawan, Yasser"]
[Result "1-0"]
[WhiteElo "2650"]
[BlackElo "2630"]
[Annotator "Finkel,A"]
[PlyCount "73"]
[EventDate "1997.11.28"]
[EventType "tourn"]
[EventRounds "5"]
[EventCountry "USA"]
[EventCategory "15"]
[SourceTitle "CBM 062"]
[Source "ChessBase"]
[SourceDate "1998.01.31"]
[SourceVersion "1"]
[SourceVersionDate "1998.01.31"]
[SourceQuality "1"]

1. e4 {Hecht} e6 2. d4 d5 3. Nc3 dxe4 4. Nxe4 Nd7 5. Nf3 Be7 6. Bd3 Ngf6 7. Qe2
Nxe4 8. Bxe4 c5 9. O-O (9. Be3 Qc7 (9... O-O 10. c3 (10. O-O-O $5 Qc7 11. h4
Nf6 12. Bd3 b6 13. dxc5 bxc5 $1 14. Bg5 Bb7 15. Ne5 Rad8 $132 {Luther,T-Paehtz,
T/Altensteig 1990 (23)}) 10... Nf6 11. Bc2 b6 12. O-O-O Qc7 13. Ne5 Bb7 14. Bf4
Bd6 15. Kb1 b5 $2 16. dxc5 $1 $16 {Dimitrov,V-Happel,H/Cordoba op 1994 (27)})
10. O-O-O Nf6 11. Bd3 O-O 12. h3 $6 b6 13. Rhe1 Bb7 14. g4 Rac8 15. Ne5 Nd5 $15
{Ryan,R-Myers,D/cr 1987 (36)}) (9. c3 Nf6 10. Bc2 cxd4 11. Nxd4 Bd7 12. O-O O-O
13. Bf4 Bc6 $5 14. Nxc6 bxc6 15. Be5 $14 {Fedorowicz,J-Lein,A/Estes Park USA
ch 1986/1/2-1/2 (45)}) 9... O-O (9... Nf6 $6 10. dxc5 $1 Nxe4 11. Qxe4 Bxc5 12.
Qe5 Bf8 13. Re1 $36 {Tseshkovsky Vitaly-Doroshkievich Vladimir K/Tournament,
Novorossijsk (Russia) 1995 (38)}) 10. Rd1 Qc7 11. c3 (11. Bg5 $5 Bxg5 12. Nxg5
Nf6 13. Bf3 cxd4 14. Rxd4 Qc5 15. Qd2 e5 16. Rd6 Bf5 $11 {Hector,J-Martin,A/
Festuge op 1991 (70)}) 11... Nf6 12. Bg5 $1 h6 $6 {Careless move after which
black faces serious difficulties.Better was} (12... Nxe4 $1 13. Qxe4 (13. Bxe7
$2 Nxc3) 13... Bd6 14. Be3 $1 f6 (14... f5 15. Qh4 b6 (15... f4 $6 16. Bc1 (16.
dxc5 $2 $19 Be7) 16... e5 17. dxe5 Bxe5 18. Qg5 $1 Bf6 19. Bxf4 $16) 16. dxc5
bxc5 17. Qc4 $1 Rb8 18. b3 $14) 15. Rd2 $5 (15. Rd3 c4 16. Rd2 Bd7 17. Re1 Rae8
$13) (15. dxc5 Bxc5 16. Bxc5 Qxc5 17. Rd2 Qa5 $1 $11) 15... cxd4 16. Rxd4 e5
17. Qd5+ Rf7 18. Rd2 Be7 19. Rad1 $14) 13. Bxf6 Bxf6 14. Qc4 $1 $14 {[%cal
Gc4c7] The idea behind 12th move of white.After forced consequance of moves
arises ending with quiet significient advantage of white.} Be7 15. b4 f5 $8 16.
Bd3 b5 $8 17. Qxb5 cxb4 18. cxb4 Rb8 19. Qa5 Qxa5 20. bxa5 $16 {This position
which looks nearly equal(white has small material advantage,while black has a
bishops pair)turnes out to be very unpleasent for black.} Bf6 (20... Rd8 21.
Ne5 Bb7 22. Bc4 Bd5 23. Bxd5 Rxd5 24. Nc6 Re8 25. Rab1 $1 $16) 21. Rab1 Bb7 $1
(21... Rxb1 22. Rxb1 Rd8 23. Rb8 g5 24. Ne5 Bxe5 (24... Rxd4 25. Rxc8+ Kg7 26.
Rc7+ Kg8 27. Nf7 $1 Rxd3 28. Nxh6+ Kh8 29. g4 $16) 25. dxe5 Rxd3 26. Rxc8+ Kf7
27. Kf1 Rd5 28. Rc7+ Kg6 29. Rxa7 Rxe5 30. Ra8 $16) 22. Bc4 Bd5 $1 ({Another
option was} 22... Bxf3 $5 23. Bxe6+ Kh8 24. Rxb8 Rxb8 25. gxf3 g6 $16 {with
chances to save the position with opposite colour bishops.}) 23. Bxd5 exd5 24.
a6 $5 Rxb1 25. Rxb1 Rc8 26. h4 Rc4 $2 {This natural move turns out to be
desicive mistake!Better was} (26... Rc6 $1 27. Rb5 Rxa6 28. Rxd5 Rxa2 29. Rxf5
a5 {with good counterchances.}) 27. Rb7 Bxd4 28. Nxd4 Rxd4 29. h5 $1 $18 {
Important intermediate move cutting black king.} Ra4 30. Rxa7 Rxa2 {[#] Hecht:
Der a-Freibauer ist von vorn gedeckt und Schwarz verfügt selbst über einen
Freibauern. Die Position sollte remis sein, aber wir bekommen einen "dicken
Hund" zu sehen...!} 31. f4 $1 d4 32. Kf1 d3 33. Ke1 Kf8 (33... Rxg2 34. Rb7 $1
Re2+ 35. Kd1 Ra2 36. a7 Kh7 37. Rd7 $18) 34. Ra8+ Ke7 35. a7 Kf7 36. Kd1 g6 {
Hecht: Es liegt anscheinend Zugzwang vor, denn Schwarz wird den d-Bauern
verlieren. Doch er darf ihn fröhlich aufgeben, und die Schwäche f5 wirkt wegen
der günstigen Stellung des Kf7 nicht entscheidend.} (36... Ra1+ {Hecht} 37. Kd2
Ra3 38. Ke3 Ra1 39. Kxd3 Ra6 40. Kd4 Ra1 41. Ke5 Ra5+ 42. Kd4 Ra1 43. Ke3 Ra6
44. Kf2 Ra1 45. g4 fxg4 46. Kg3 Ra3+ 47. Kxg4 Ra1 48. f5 Ra2 49. f6 Ra1 $11 (
49... gxf6 50. Rh8 $18) (49... Kxf6 50. Rf8+ $18)) 37. Rh8 1-0

[Event "EU-ch 3rd"]
[Site "Batumi"]
[Date "2002.06.13"]
[Round "2"]
[White "Mamedyarov, Shakhriyar"]
[Black "Makharadze, Jambul"]
[Result "1-0"]
[WhiteElo "2542"]
[BlackElo "2302"]
[Annotator "Finkel,A"]
[PlyCount "91"]
[EventDate "2002.06.12"]
[EventType "swiss"]
[EventRounds "13"]
[EventCountry "GEO"]
[SourceTitle "CBM 090"]
[Source "ChessBase"]
[SourceDate "2002.09.20"]
[SourceVersion "1"]
[SourceVersionDate "2002.09.20"]
[SourceQuality "1"]

1. d4 Nf6 2. Nc3 d5 3. Bg5 e6 4. e4 dxe4 5. Nxe4 Nbd7 6. Nf3 Be7 7. Nxf6+ Nxf6
8. Bd3 c5 9. dxc5 Qa5+ 10. c3 Qxc5 11. Qe2 Bd7 (11... O-O 12. O-O-O Rd8 (12...
Bd7 $2 13. Bxf6 Bxf6 14. Bxh7+) 13. Ne5 Qc7 14. f4 h6 15. h4 $16) 12. Ne5 $5 (
12. O-O-O Bc6 13. h4 h6 14. Bf4 Nd5 15. Be5 Bf6 16. Kb1 O-O-O 17. Ka1 Nb6 18.
Bg3 Rd5 19. Nd2 $14 {Osnos,V-Barcza,G/Leningrad 1967}) 12... Bc6 (12... Ng4 $5
13. Nxf7 $1 Kxf7 14. Bxe7 Qxf2+ 15. Qxf2+ Nxf2 16. Kxf2 Kxe7 $14) (12... Rd8
13. O-O O-O 14. Rad1 Bc6 $11 {Schlechter,C-Burn,A/Berlin 1897}) 13. O-O-O $5 (
13. O-O Nd7 14. Bxe7 Qxe7 (14... Kxe7 15. Nxc6+ bxc6 16. Be4 Rad8 17. Qf3 g5
18. b4 Qc4 19. Qe3 $14 {Hector,J-Agdestein,S/Reykjavik 1996}) 15. Nxc6 bxc6 16.
Be4 Rc8 17. Rfd1 Nf6 18. Qa6 Qc7 19. Bf3 O-O 20. Rd4 $14 {Varga,Z-Borocz,I/
Hungary 1998}) (13. h4 $1 Rd8 (13... Bxg2 $6 14. Rg1 Bc6 15. O-O-O $1 $16) 14.
O-O-O Nd7 15. Nxc6 $5 (15. Bxe7 $1 Qxe7 16. Nxc6 bxc6 17. Be4 $14) 15... Bxg5+
16. hxg5 Qxg5+ $13 {Spassky,B-Petrosian,T/Moscow 1966}) 13... O-O (13... Nd7
14. Bxe7 Qxe5 (14... Kxe7 15. Nxc6+ bxc6 16. h4 $14) 15. Ba3 Qxe2 16. Bxe2 Bxg2
17. Rhg1 Be4 18. Rxg7 $16 {[%csl Ga3,Re8]}) 14. Rhe1 {It's not so simple for
black to organize counterplay on the queenside that's why white is not in the
hurry to start an actions on the kingside.} Rad8 (14... Bxg2 15. Rg1 Bc6 16.
Bh6) 15. f4 Nd5 16. Bxe7 Qxe7 17. g3 $14 Qc5 18. h4 Rc8 19. Kb1 b5 20. h5 h6 $6
{[%csl Rg8] After this careless move black is forced to meet Qe4 with f5.} (
20... b4 21. c4 Nb6 22. h6 g6 23. g4 Rcd8 24. g5 $14) 21. Bc2 a5 22. Qd3 f5 23.
Qd4 Qxd4 $6 (23... Be8 $5 24. Qxc5 Rxc5 25. Rd4 $14) 24. Rxd4 Nf6 25. Nxc6 Rxc6
26. Bd1 {White bishop is much stronger than black knight.} Kf7 27. Re5 Rb8 28.
Bf3 Rcb6 (28... Rc7 29. Rd6 Re7 30. a4 bxa4 31. Rxa5 $16) 29. Rc5 $16 {[%csl
Ra5,Rb5,Re6]} Re8 30. Kc2 Re7 31. a4 bxa4 32. Rxa4 g5 33. hxg6+ Kxg6 34. Raxa5
$18 Nh5 35. g4 $1 Nxf4 36. gxf5+ exf5 37. Rxf5 Rf6 38. Rxf6+ Kxf6 39. b4 Re3
40. Bg4 Kg6 41. Rf5 Re4 42. Rc5 Re7 43. b5 h5 44. Bc8 h4 45. b6 Re2+ 46. Kb3
1-0

[Event "Corus"]
[Site "Wijk aan Zee"]
[Date "2001.01.25"]
[Round "10"]
[White "Shirov, Alexei"]
[Black "Anand, Viswanathan"]
[Result "1/2-1/2"]
[WhiteElo "2718"]
[BlackElo "2790"]
[Annotator "Finkel,A"]
[PlyCount "97"]
[EventDate "2001.01.13"]
[EventType "tourn"]
[EventRounds "13"]
[EventCountry "NED"]
[EventCategory "19"]
[SourceTitle "CBM 081"]
[Source "ChessBase"]
[SourceDate "2001.03.20"]
[SourceVersion "1"]
[SourceVersionDate "2001.03.20"]
[SourceQuality "1"]

{[%mdl 288]} 1. e4 e6 2. d4 d5 3. Nc3 dxe4 4. Nxe4 Nd7 5. Nf3 Ngf6 6. Bd3 c5 7.
O-O Nxe4 8. Bxe4 Nf6 9. Bg5 cxd4 (9... h6 10. Bxf6 Qxf6 11. c3 $5 Bd6 12. Qa4+
Bd7 13. Qa3 Qe7 14. dxc5 Bxc5 15. b4 Bb6 16. Bxb7 $16 {Honfi,K-Dolgener,T/
Budapest FS09 IM-B 1995/1-0 (50)}) 10. Nxd4 (10. Qe2 Be7 11. Rad1 Nxe4 (11...
Qb6 12. Rxd4 Qxb2 13. Rfd1 O-O 14. Ne5 $44 Bc5 $2 15. Bxf6 Bxd4 16. Qh5 h6 17.
Qg4 $18) 12. Rxd4 Qxd4 $2 (12... Bd7 $142 13. Bxe7 Qxe7 14. Qxe4 Bc6 $11) 13.
Nxd4 Nxg5 14. f4 $16 {Morozevich,A-Zakharevich,I/RUS-Cup6 1997}) 10... Be7 (
10... Bc5 11. Nb3 (11. c3 h6 $5 12. Bxf6 $5 Qxf6 13. Qa4+ Bd7 14. Qc4 Bxd4 15.
cxd4 Rc8 16. Qb4 $36 {Rublevsky,S-Christiansen,L/WchT 4th 1997}) 11... Bd6 12.
Bxf6 gxf6 13. Qh5 f5 14. Bxf5 $4 exf5 15. Rfe1+ Be7 $19 {Ardeleanu,A-Negulescu,
A/Cupa Dinamo 1998}) (10... h6 $6 11. Bxf6 Qxf6 12. Qd3 a6 13. Rad1 Bc5 (13...
Be7 14. Nc6 $14) 14. Nb3 Ba7 15. Na5 $16) 11. Bf3 $1 {The bishop has to remain
on the diagonal h1-a8 to disturb black on the queenside.} (11. Bd3 O-O 12. c3
Qd5 $1 13. Nf3 Rd8 14. Bc2 Qxd1 15. Raxd1 Bd7 $11 {Pandavos,P-Ellison,D/
Balatonbereny op 1992}) 11... O-O 12. Re1 Qc7 13. c3 a6 14. Bh4 $14 Bd6 (14...
Rd8) 15. Bxf6 gxf6 16. g3 Rd8 17. Bg2 Bf8 18. Qh5 Bg7 19. Rad1 (19. Re4 f5 20.
Rh4 h6 21. Re1 Bd7 $11) 19... Qb6 20. Nb3 Re8 (20... Bd7 $2 21. Qc5 $1 Qb5 22.
c4 Qxc5 23. Nxc5 Bc6 24. Nxb7 Bxb7 25. Bxb7 Rxd1 26. Rxd1 Rb8 27. Rd7 $1 $18)
21. c4 {White has a huge advantage in development, while black still has to
solve the problem of his queenside.} Qc7 22. Qa5 (22. Nc5 Rb8 23. b4 $2 b6 24.
Ne4 f5 $132) 22... Qxa5 23. Nxa5 Bf8 $1 {[%csl Gb4,Gc5] The only move
preventing white from playing c5 and b4.} (23... Rb8 $2 24. c5 b6 25. Nc6 Rb7
26. Nb4 Rb8 (26... bxc5 27. Bxb7 Bxb7 28. Nc2 $16) 27. c6 $16) 24. Re3 (24.
Bxb7 Bxb7 25. Nxb7 Rab8 26. Rd7 Re7 $1 $11) 24... Rb8 25. Rb3 $1 b6 26. Nc6 Rb7
27. Na5 Rb8 28. Bc6 $1 Re7 29. c5 b5 30. Rbd3 {[%cal Gb2b4]} b4 $8 31. Rd8 Rc7
32. Bd7 $5 {Shirov decides to win an exchange, while deserved attention} (32.
Bf3 $5 Kg7 (32... Rxc5 33. Nc6 Ra8 34. Ne7+ Kg7 35. Nf5+ $1 exf5 36. Bxa8 $18)
33. c6 Be7 34. R8d2 f5 35. Nc4 $14) 32... Rxc5 33. Nc6 Bxd7 34. Nxb8 Bb5 35.
Nd7 Bxd7 36. R1xd7 Kg7 37. Rb8 $2 {Permitting black to create a counterplay
sufficient for a draw. It was nececary to prevent black to put his rook on
secon rank.} (37. Kg2 $14) 37... Rc2 38. Rbb7 Bc5 {[%csl Rf2]} 39. Rxf7+ Kg6
40. Rxh7 Bxf2+ 41. Kf1 Rxb2 42. Rh4 Bc5 $132 43. Rc4 Bf8 44. Rc8 (44. Rb8 Be7
45. Re8 Kf7 46. Rh8 Kg7 47. Rch4 Bd6 $11) 44... Bd6 45. Rc6 Be5 $11 46. Rxa6
Kf5 47. Rbb6 Ke4 48. Rxe6 Rxh2 49. Rxf6 1/2-1/2